[Event "Olympiad-43"]
[Site "Batumi"]
[Date "2018.10.02"]
[Round "8.1"]
[White "Rodriguez Vila, Andres"]
[Black "Sadorra, Julio Catalino"]
[Result "0-1"]
[WhiteElo "2477"]
[BlackElo "2553"]
[Annotator "Sadorra, Julio"]
[PlyCount "84"]
[EventDate "2018.09.24"]
[EventType "team-swiss"]
[EventRounds "11"]
[EventCountry "GEO"]
[SourceTitle "CBM 187"]
[Source "ChessBase"]
[SourceDate "2018.12.11"]
[SourceVersion "1"]
[SourceVersionDate "2018.12.11"]
[SourceQuality "1"]
[WhiteTeam "Uruguay"]
[BlackTeam "Philippines"]
[WhiteTeamCountry "URU"]
[BlackTeamCountry "PHI"]

1. e4 e5 $5 {This is the first time I moved my king's pawn to the 5th rank on
the first move. I sensed that even my opponent was a little surprised I moved
it one square farther because I've always played the French!} 2. Nf3 Nc6 3. Bc4
Nf6 4. d3 h6 $5 {I chose this sideline as I saw my opponent doesn't have
experience against it and I like somewhat liked the arising King's Indian
middlegame structures.} ({The more popular and principled moves are bishop
moves:} 4... Bc5) ({And} 4... Be7) 5. O-O d6 6. c3 g6 7. d4 Qe7 8. dxe5 Nxe5 $1
{This is a typical idea which gets rid of the restricted knight on c6 and
allows Black to cover d5 later with c7-c6.} 9. Nxe5 dxe5 10. Qe2 Bg7 11. b3 $5
{Creating problems before I can castle.} Nh5 {A logical response as it attacks
a square that his dark-square bishop will leave when it goes to a3.} ({After
the normal} 11... O-O 12. Ba3 c5 13. Nd2 Nh5 14. g3 {[%csl Rd5][%cal Gf1d1,
Gf1e1,Gd2f1,Gf1e3,Ge3d5] I thought I may be able to achieve equality, but I
didn't like that I have a long-term weakness on d5.}) 12. g3 Bd7 {Introducing
the possibility to castle queenside.} ({The first move I considered of course
was} 12... Bh3 {but after} 13. Rd1 {I couldn't find a good way to get my king
safe apart from sac-ing the exchange:} O-O 14. Ba3 Qg5 (14... Qf6) (14... c5
15. Nd2 $14 {[%csl Rd5][%cal Gd2f1,Gf1e3,Ge3d5]}) 15. Bxf8 Nf4 16. Qe3 Bxf8 $16
{but I didn't think I have enough compensation as I have no real threats and
there isn't any clear way to break through his kingside.}) 13. Qe3 $6 (13. Ba3
Qg5 {[%cal Ge8c8]} (13... Qf6 14. Qe3) 14. Bc1 Qf6 {[%cal Ge8g8,Ge8c8] when I
will have solved the king safety problem.}) 13... Bh3 14. Rd1 $2 {Missing a
tactical detail.} (14. Re1 {was better, avoiding any tactics and keeping the
game tense.}) 14... O-O 15. Ba3 Rfd8 $1 {Underlining the drawback of rook to
d1--backrank weakness.} 16. Rd5 (16. Rxd8+ Rxd8 $1 17. Qe2 (17. Nd2 Qxa3 $19)
17... Qg5 {Black has a decisive attack due to White's inability to develop.})
16... Rxd5 (16... Qf6 17. Nd2) 17. exd5 $6 {This simply gives me a clear
target.} ({More stubborn was} 17. Bxd5 Qd7 18. Nd2 {which will require
accuracy for Black to keep the pressure.} c6 (18... Rd8 {[%cal Rc7c6]} 19. Nf1
b5 (19... Nf6 20. Bc4) 20. b4 c6 21. Bb3) 19. Bc4 {[#] Here I found a small
tactic:} Nf4 $1 20. gxf4 (20. Nf1 b5) 20... exf4 21. Qxf4 Bxc3 22. Rd1 Rd8 $17)
17... Qd7 18. Nd2 Nf6 19. Ne4 Nxd5 20. Qe2 Rd8 {I won a pawn for nothing.} 21.
Rd1 Nf4 {Here, I honestly thought White missed my move (which could very well
be true as he spent a long while for his next move) and that I was winning but
turns out that I had a blindspot!} ({Looking back, I think it was better to
play} 21... c6 $1 {to keep pieces and prepare f7-f5!} 22. f3 (22. Nc5 $2 Qe7) (
22. Qc2 Bg4) (22. Qd2 Qf5) 22... Qc7 $1 $17 (22... Kh7 $6 23. Bxd5 cxd5 24. g4
{[%csl Rh3]}) 23. Qf2 (23. g4 Nf4) 23... b5 24. Be2 f5 $19 {with a winning
game.}) 22. Qd2 {After this, an ending ensues in which I had to overcome some
technical problems.} Qxd2 23. Rxd2 Rxd2 24. Nxd2 Ne6 25. f3 Ng5 (25... Bf5 $6
26. g4 Bc2 27. Bxe6 fxe6 28. Kf2) 26. Be7 Bf8 27. Bxg5 Bc5+ $1 {I had to
foresee this intermediate check before going for 25...Ng5} (27... hxg5 $2 28.
Ne4 Be7 $4 29. g4 {[%csl Rh3][%cal Gg1f2,Gf2g3]}) 28. Kh1 hxg5 29. Ne4 Be3 30.
Nf6+ Kf8 31. g4 c6 32. Nd7+ Kg7 33. Nxe5 f6 {Right around here my opponent is
already in time trouble.} 34. Nd7 (34. Nd3 b5 35. Be6 Bf1) 34... Bd2 35. Nc5 f5
36. Be2 Bxc3 37. Nxb7 Kf6 {Activity is key in endings!} 38. Nd8 $2 {With
seconds to make move 40, my opponent was playing on natural instincts which is
going for material.} ({Better resistance could've been offered by} 38. Nc5 Bd4
$1 (38... Ke5 39. Nd3+ Kd4 40. Nf2 Ke3 41. Nxh3 Kxe2 42. Nxg5 Bf6 $1 43. Nh7
Be7 44. Kg2) 39. Nd3 Ke6 40. Bd1 Kd5 {planning to invade the queenside or
kingside after Be3, Kd4-c3.}) 38... Ke5 39. Nxc6+ Kf4 40. gxf5 $4 ({Better was
} 40. Kg1 {but I thought it leads to a technically winning ending after} Ke3
41. Bf1 Bxf1 42. Kxf1 Kxf3 43. gxf5 (43. Ne7 Kxg4 44. Nxg6 Kh3) 43... gxf5 44.
Nxa7 g4 {with the simple idea of creating a passed g-pawn. The bishop's power
is evident in such open positions.} (44... Be5 45. Nc6 Bxh2 46. Nd4+ Ke4 47.
Ne2 f4)) 40... Ke3 {Only here he realized that "Chess isn't checkers!"} 41. Kg1
Kxe2 42. fxg6 Ke1 {Preparing Bd2-e3, Kf1, Bg2 mate. With material down and no
counterplay, White resigned.} (42... Bd2 43. Nd4+) 0-1

[Event "Candidates m2"]
[Site "Riga"]
[Date "1991.??.??"]
[Round "2"]
[White "Yudasin, Leonid"]
[Black "Ivanchuk, Vassily"]
[Result "0-1"]
[WhiteElo "2645"]
[BlackElo "2695"]
[Annotator "Schussler,H"]
[PlyCount "72"]
[EventDate "1991.01.??"]
[EventType "match"]
[EventRounds "5"]
[EventCountry "LAT"]
[SourceTitle "Candidates"]
[Source "ChessBase"]
[SourceDate "1999.07.01"]
[SourceVersion "2"]
[SourceVersionDate "1999.07.01"]
[SourceQuality "1"]

1. e4 e5 2. Nf3 Nc6 3. Bc4 Nf6 4. d3 Be7 5. O-O O-O 6. c3 d5 7. exd5 Nxd5 8.
Re1 Bg4 9. Nbd2 Kh8 10. a4 $2 (10. h3 $142 $14) 10... f6 11. a5 Rb8 12. Nf1 Be6
13. Qa4 a6 14. Bxa6 Nxa5 15. Qxa5 Ra8 16. Qb5 Nb6 17. Be3 Bd7 18. Qb3 bxa6 19.
d4 e4 20. N3d2 f5 21. d5 Rb8 22. Qa2 Bf6 23. Rad1 Na4 24. Nc4 Bb5 25. Na5 Nxb2
26. Qxb2 Bxf1 27. Qa2 Bb5 28. c4 Bd7 29. Nc6 Bxc6 30. dxc6 Qe8 31. Qxa6 Bc3 32.
Rf1 f4 33. Ba7 Ra8 34. Qb7 f3 35. Qxc7 Be5 36. Qd7 Rxa7 0-1

[Event "Asian Continental op 18th"]
[Site "Xingtai"]
[Date "2019.06.12"]
[Round "6"]
[White "Sethuraman, SP."]
[Black "Jumabayev, Rinat"]
[Result "1-0"]
[WhiteElo "2613"]
[BlackElo "2625"]
[Annotator "Sethuraman,SP"]
[PlyCount "107"]
[EventDate "2019.06.07"]
[EventType "swiss"]
[EventRounds "9"]
[EventCountry "CHN"]
[SourceTitle "CBM 190 Extra"]
[Source "ChessBase"]
[SourceDate "2019.07.15"]
[SourceVersion "1"]
[SourceVersionDate "2019.07.15"]
[SourceQuality "1"]

{[%evp 0,107,29,21,13,19,59,11,11,7,40,29,18,5,8,-3,14,12,64,56,81,73,73,57,
106,93,89,65,60,52,75,25,25,46,22,-36,-22,-33,-33,-42,-24,-24,-7,-9,0,-7,68,26,
22,34,30,44,37,29,52,4,31,4,67,51,57,52,149,151,132,120,116,137,134,126,128,
133,132,127,126,116,143,122,105,103,107,91,91,97,102,114,111,121,129,146,158,
162,194,212,219,220,197,197,241,243,244,244,246,251,241,241,241,253,425,438]
After making draws in the fourth and fifth round, it was nice to score a
victory in this game against my good friend Rinat.} 1. e4 e5 2. Nf3 Nc6 3. Bc4
{The popularity that Italian has gained over a short span of time is immense .
So many move orders ,so many subtle nuances makes this opening quite
interesting from both sides} Nf6 4. d3 Be7 {From time to time 4...Be7 is seen
on top level, but 4...Bc5 remains the main alternative.} 5. O-O O-O 6. Re1 d6
7. a4 Kh8 {I didn't check this system before the game as it was hard to
predict what Rinat would play. But I had one recent game in mind, the win of
my compatriot Ganguly against Kazhgalaeyev from the World Team Cup, since I
was just playing the next board to them in the match India-Kazak..} 8. h3 {
I was hesitating whether to expand here with a5 immediately like in the below
mentioned game or to wait for some time, having options like b4-b5.} (8. a5 a6
9. Nc3 Ng8 10. Nd5 f5 11. h3 fxe4 12. dxe4 Nf6 13. c3 Nxd5 14. exd5 Nb8 15. Nd2
Nd7 16. Ne4 Nf6 17. Nxf6 Bxf6 18. Bd3 $14 {1-0 (38) Ganguly,S (2633)
-Kazhgaleyev,M (2587) Astana 2019}) 8... Ng8 9. Nc3 (9. a5) 9... f5 10. Nd5
fxe4 11. dxe4 Qd7 $5 {My opponent played this quite fast and later after that
game he said that he knew this idea of regrouping in such positions. But I
still believe that White has a good advantage thanks to his space and the
computers approve as well.} 12. a5 {Perhaps it was once again better to wait
without playing a5 keeping the choices flexible.} (12. b4 $142 Bd8 13. Ra3 $16)
12... a6 13. b4 Bd8 14. Ra3 $1 {Quite an important manoeuvre, keeping the
position intact and safe of any threats on the kingside if at all :)} Qe8 15.
Nh2 $6 {My idea was to change the rook on f8 with Rf3 or plan something with
Ng4 but it was not necessary to disturb the knight as it was nicely placed on
f3} (15. Bf1 {was quite natural and important to carry out c4 -Bd2-b5.} Qg6 (
15... Nce7 16. c4) 16. c4 $14 {as Bxh3 is not at all a threat, thanks to the
rook on a3 it is indirectly protected.}) 15... Be6 16. Bd2 (16. Bf1 {[%cal
Gc2c4] was still the way.}) 16... Nf6 {Black has now more or less equalised}
17. Nxf6 Bxf6 18. Bxe6 (18. Bd5 $142 Bxd5 19. exd5 Nd4 20. c3 Nb5 21. Ra2 $14)
18... Qxe6 19. Qb1 Rad8 20. Nf3 Be7 $6 (20... Nd4 21. Nxd4 exd4 {equalises})
21. Rd3 {Now I am back in control with the slightly more pleasant position.}
Qc4 (21... d5 $2 22. b5) 22. Qb3 d5 23. Rxd5 (23. b5 $1 {was a nice tactical
intermezzo which I missed, giving huge advantage.} axb5 24. Rxd5 Qxb3 25. cxb3
$16) 23... Qxb3 24. cxb3 Rxd5 25. exd5 Nxb4 26. Rxe5 Bd6 27. Rg5 $6 (27. Bxb4
Bxb4 28. Nd4 {During the game I hesitated to go for this as I felt the white
pawns are weak and with the bishop on the board he might have good counterplay,
but this was the way I should have preferred since the move I played in the
game was simply dubious, giving lots of chances compared to this one.}) 27...
h6 28. Rh5 Rd8 $2 {My opponent admitted that he completely overlooked Ng5
after which it's losing.} (28... Nd3 $132) 29. Ng5 Rd7 30. Ne4 $1 Nxd5 31. Rxd5
Bh2+ 32. Kxh2 Rxd5 33. b4 {The rest is simple} b6 34. Kg3 Kg8 35. Kf4 Kf7 36.
g4 Ke6 37. Ke3 g6 38. f4 bxa5 39. bxa5 c5 40. Bc3 c4 41. Nf2 Kf7 42. Ke4 Ke6
43. Be1 {Black is in kind of zugzwang now} h5 44. Bc3 h4 45. Be1 Rb5 46. Kd4
Rb1 47. Bd2 c3 48. Bxc3 Rf1 49. Ke3 Kd5 50. f5 gxf5 51. gxf5 Rc1 52. Ne4 Rh1
53. Ng5 Rc1 54. Bg7 1-0

[Event "Syre Memorial op 35th"]
[Site "Issy les Moulineaux"]
[Date "2012.05.18"]
[Round "3"]
[White "Shchekachev, Andrei"]
[Black "Payen, Arnaud"]
[Result "1-0"]
[WhiteElo "2513"]
[BlackElo "2347"]
[Annotator "Shchekachev,A/Payen,A"]
[PlyCount "111"]
[EventDate "2012.05.17"]
[EventType "swiss"]
[EventRounds "6"]
[EventCountry "FRA"]
[SourceTitle "EXT 2015"]
[Source "ChessBase"]
[SourceDate "2014.11.20"]
[SourceVersion "1"]
[SourceVersionDate "2014.11.20"]
[SourceQuality "1"]

1. e4 e5 2. Nf3 Nc6 3. Bc4 Nf6 4. d3 h6 5. O-O d6 6. c3 g6 7. d4 exd4 8. cxd4
Bg7 9. Nc3 (9. d5 Ne7 10. Nc3 {Tkachiev-Malaniuk}) 9... O-O 10. Bb5 Bg4 11.
Bxc6 bxc6 12. h3 Bc8 $146 (12... Bd7 13. Be3 {Kuczynski,R (2509)-Bartel,M 
(2434) Bydgoszcz op-A 2001 (6) 1/2}) 13. Re1 Nd7 14. Be3 (14. Bf4 $14 c5) 14...
Nb6 15. Qc1 Kh7 (15... g5 $5) 16. Ne2 f5 $1 17. e5 g5 18. Qxc6 f4 19. Bd2 Bd7
20. Qc1 Bf5 21. Bb4 (21. Nc3 d5) 21... Qd7 22. Nc3 Bxh3 $1 23. gxh3 Qxh3 24.
Qc2+ Kh8 25. Qe2 g4 26. Nh2 g3 $1 (26... f3 $2 27. Qf1 Qh5 28. Re4) 27. f3 $6 (
27. Nf3 Rg8 $1 {Shchekachev} (27... g2 28. Nh2 f3 29. Qe4 c5 $1 30. Ba5 (30.
Ba3 Rf5 31. Qg4) 30... cxd4 31. Qxd4 Rf5 (31... Bxe5 32. Rxe5 dxe5 33. Qxe5+
Kh7) 32. Bxb6 Bxe5 33. Rxe5 dxe5 34. Qd7 axb6 35. Ne4) 28. Qf1 (28. fxg3 Bf8
29. Qh2 Rxg3+ 30. Kh1 Rxf3) 28... g2 29. Qxg2 Bxe5) 27... Qxh2+ $2 {Une
mauvaise décision psychologique influençée par la suite de la partie qui me
semblait au moins égale et sans risque.J'ai sous-évalué mes chances d'attaque!}
(27... gxh2+ 28. Kh1 (28. Qxh2 Qxf3) 28... Rg8 $1 {La menace Fxe5 est très
forte!} 29. Qf1 Qf5 30. Qf2 a5 31. Ba3 dxe5 32. dxe5 Qh5) 28. Qxh2 gxh2+ 29.
Kh1 $1 (29. Kxh2 Rf5 {[%cal Rf5h5,Ra8g8]}) 29... a5 30. Ba3 Nc4 {La position
qui m'a tenté quand j'ai joué Dxh2} 31. Nd5 Nxa3 32. bxa3 dxe5 33. Nxc7 Rac8
34. Ne6 Rfe8 35. d5 $1 (35. Nxg7 Kxg7 36. dxe5 Rc3 $15) 35... Bf6 $6 {Une
descente progressive aux enfers dûe а un jeu passif.} (35... Rc3 $1 36. Nxf4
Rd8 37. Ng6+ Kh7 38. Nxe5 Rxd5 39. f4 Rd4 40. Rac1 $17) 36. Rac1 Bh4 37. Red1
Be7 $2 $138 {En zeitnot j'ai cru que j'avais de bonnes chances de nulle.Je
savais que j'allais devoir donner le cavalier.Mais ça reste un coup faible.} (
37... Rxc1 38. Rxc1 Bg3 39. Rd1 Kg8 40. Nc5 Rc8 41. Ne4 Kf8 42. d6 $13) 38.
Rxc8 Rxc8 39. d6 Bxd6 40. Rxd6 Rc3 41. Rd5 a4 $2 {Le premier coup après le
zeitnot est une faute!} (41... Rxa3 42. Rxe5 Rxa2 43. Nxf4 a4 44. Ng2 Rf2 45.
Re3 $16) 42. Rxe5 Rxa3 43. Re2 $1 $16 Rxf3 44. Kxh2 Rf1 $138 (44... Re3 45.
Rxe3 (45. Nxf4 Rxe2+ 46. Nxe2 Kg7 47. Nc3 a3 48. Nb1 Kf6 49. Nxa3 Ke5 50. Nb1)
45... fxe3 46. Nd4 Kg7 47. Kg3 Kf6 48. Kf4 h5 49. Kxe3 Ke5 (49... h4 50. Nb5
Ke5 51. Nc3 a3 52. Kf3 Kd4 53. Nb5+ Kc4 54. Nxa3+ Kc3 55. Nb1+) 50. Nb5) 45.
Kg2 Rc1 (45... f3+ 46. Kxf1 fxe2+ 47. Kxe2 Kh7 48. Nc5 a3 49. Na4 Kg6 50. Nc3
Kf5 51. Nb1 Ke4 52. Nxa3 Kd4 53. Nb1 $18) 46. Nxf4 Kg7 47. Kf3 Kf6 48. Nd5+ Kf5
49. Ne3+ Ke5 50. Rd2 Rc3 51. Rd5+ Ke6 52. Rh5 Ra3 53. Rxh6+ Ke5 54. Rh2 Kd4 55.
Rd2+ Rd3 $2 {Le dernier piège!} (55... Kc5 {[%cal Ra3c3,Rc5b4]}) 56. Ke2 $1 (
56. Rxd3+ $4 Kxd3 $11 57. Nd1 a3 $1 (57... Kc2 $2 58. Ke2 a3 59. Ke1 Kb1 60.
Nc3+ Kc2 61. Nb5 Kb2 62. Kd2 Kxa2 63. Kc2 Ka1 64. Nd4 $1 Ka2 65. Ne2 Ka1 66.
Nc1 $1 a2 67. Nb3# {Une jolie suite!}) 58. Kf2 (58. Kf4 Kc2 59. Ke4 Kxd1 60.
Kd3 Ke1 61. Kc3 Ke2 62. Kb3 Kd3 63. Kxa3 Kc3 $11) 58... Kd2 59. Ne3 Kc3 60. Ke2
Kb2 61. Kd2 Kxa2 62. Kc2 Ka1 $11 {Ici les blancs n'ont pas le temps d'éviter
le pat!}) 1-0

[Event "Kropotkin"]
[Site "Kropotkin"]
[Date "1995.??.??"]
[Round "3"]
[White "Speelman, Jonathan S"]
[Black "Malaniuk, Vladimir P"]
[Result "1-0"]
[WhiteElo "2610"]
[BlackElo "2615"]
[Annotator "Speelman,J"]
[PlyCount "119"]
[EventDate "1995.04.??"]
[EventType "tourn"]
[EventRounds "7"]
[EventCountry "RUS"]
[EventCategory "14"]
[SourceTitle "CBM 047"]
[Source "ChessBase"]
[SourceDate "1995.08.01"]
[SourceVersion "1"]
[SourceVersionDate "1995.08.01"]
[SourceQuality "1"]

1. e4 e5 2. Nf3 Nc6 3. Bc4 Nf6 4. d3 Be7 5. O-O O-O 6. Re1 d6 7. a4 h6 8. c3
Nh7 9. a5 a6 10. Nbd2 Ng5 11. Qb3 (11. d4 Bg4 12. Be2 Bxf3 $1 13. Nxf3 Nxe4 14.
Bd3 Ng5 15. Bxg5 Bxg5 16. dxe5 Nxe5 17. Nxe5 dxe5 18. Rxe5 $10) 11... Rb8 12.
d4 Bd7 (12... Nxf3+ $5 13. Nxf3 Bg4 14. d5 Bxf3 15. dxc6 bxc6 16. Qa4 Bxe4 (
16... d5 17. exd5 Bxd5 18. Bxa6) 17. Rxe4 d5 18. Rxe5 (18. Rg4 $2 f5) 18...
dxc4 19. Qxc4 Qd1+ 20. Qf1 Qxf1+ 21. Kxf1 Bd6 22. Re4 {During the game I
thought that Black should be alright here.}) (12... Bg4 13. d5 Nxf3+ 14. gxf3
$1 {Malaniuk}) 13. dxe5 $5 Nxe5 14. Nxe5 dxe5 15. Nf1 Bc5 $1 16. Qc2 Bb5 $5 (
16... Bc6 17. Ng3 {The knight is okay here but would perhaps prefer to be
heading for h5.}) 17. Bxb5 axb5 18. Rd1 Qe7 19. b4 Ba7 20. Be3 Bxe3 21. Nxe3 c6
22. Nf5 Qc7 $14 23. a6 $5 {Creates some tactics but gives up a positional edge
on the queenside.} (23. h4 Ne6 24. a6 {so that there is never any pressure on
the e pawn.}) 23... bxa6 $5 (23... Ra8 24. a7 $5 Ne6) 24. Rxa6 (24. h4) 24...
Kh7 (24... Qb7 25. Rxc6 $5 (25. Raa1 $10) 25... g6 26. Nxh6+ Kg7 27. Rdd6 Rfc8
$1 {conceivably Rbc8} (27... Kxh6 28. Qd2 Kh5 $13) 28. Rxc8 Rxc8 29. Ng4 {
and Black should be fine.}) 25. h4 Ne6 26. Rd6 Rb6 27. Rxb6 Qxb6 28. Qd2 Rd8
29. Rd7 Qb8 $1 30. g3 Qc8 31. Rd6 Qc7 32. Kf1 $2 (32. Kg2 {to support f4}) (32.
Rxd8 Qxd8 33. Qxd8 Nxd8 34. h5 $5 g6 35. hxg6+ fxg6 {The potentail outside
passed black h pawn gives counterplay.}) 32... h5 33. Rxd8 Qxd8 34. Qxd8 Nxd8
35. Ke2 Kg6 $4 {zeitnot} (35... g6 36. Ne3 Kg7 $10) 36. f4 exf4 $6 (36... Kf6
37. fxe5+ Kxe5 38. Nxg7 Kxe4 39. Nxh5) (36... f6 37. Nd6 Kh7 $1 {intending
Kh7-g8-f8-e7}) 37. gxf4 Kf6 38. Ke3 g6 $2 {This forces a lost position! He had
to try 38...Ne6 even if the pawn ending is bad. Then I would have had to
choose in bad time trouble.} (38... Ne6 39. Nd4 (39. Ng3 g6 40. f5 (40. e5+)
40... Nc7 (40... gxf5 41. exf5 Nc7 42. Ke4 Nd5 43. Nxh5+ Ke7 44. Kd4 $18) (
40... Ng7 41. Kf4 Ke7 42. Kg5 $18) 41. Kd4 gxf5 42. Nxh5+ Kg6 43. Nf4+ Kf6 44.
e5+ $6 (44. Ke3) 44... Kg7 45. c4 {And Black can force a draw with:} Ne6+ 46.
Nxe6+ fxe6 47. cxb5 cxb5 48. Kc5 f4 49. Kd4 Kh6 50. Ke4 Kh5 51. Kxf4 Kxh4 52.
Ke4 Kg4 53. Kd4 Kf5 54. Kc5 Kxe5 55. Kxb5 Kd4 (55... Kd6 56. Ka6 Kc7 $10) 56.
Kc6 e5 57. b5 e4 58. b6 e3 59. b7 e2 60. b8=Q e1=Q $10) 39... Nxd4 40. Kxd4 Ke6
41. Kc5) 39. Nd4 Ke7 40. e5 Kd7 41. f5 gxf5 42. Kf4 Ne6+ 43. Kxf5 Nc7 44. Kf6
$5 (44. Kg5 Nd5 45. Kxh5 Nxc3 46. Kh6) 44... Ke8 45. Nxc6 Nd5+ 46. Kg5 Nxc3 47.
Kxh5 Nd5 (47... Kd7 48. Kg5 Kxc6 49. h5 Nd5 (49... Ne4+ 50. Kf4 Nc5 51. bxc5 b4
52. Ke3 $1 $18) 50. h6 Ne7 51. h7 Ng6 52. e6 Nh8 53. exf7 Nxf7+ 54. Kf6 Nh8 55.
Kg7) 48. Kg5 Kf8 49. Kf5 Kg7 (49... Nc3 {Trying to reach a postion like the
game but with the knight defending the b  pawn from c3 or a3.} 50. Kf4 (50. h5
$5 Kg8 (50... Kg7 51. h6+ Kf8 (51... Kg8 52. Ne7+ Kf8 53. e6 fxe6+ 54. Kg6) 52.
Ne7 $1) 51. Ne7+ Kg7 52. h6+ Kxh6 53. Kf6 Kh5 54. Kxf7 Kg5 55. Nc6 $18) 50...
Kg7 51. Ke3 Kg6 52. Kd4 Nb1 53. Kc5 Nc3 54. Nd4 $18) 50. Ke4 Nc7 51. Kd4 f6 52.
Kc5 $1 (52. exf6+ Kxf6 53. Kc5 Kf5 54. Nd4+ Kf4 55. Nf3 Kxf3 56. h5 Ne6+ 57.
Kxb5 Kg4 58. h6 Nf8 59. Kc6 Kg5 60. b5 Kxh6 61. Kd6 $1 $18 (61. b6 $4 Ne6 $10))
52... fxe5 53. Nxe5 Kh6 54. Kc6 Ne6 55. Kxb5 Kh5 56. Nf3 Kg4 57. Kc6 Nd8+ 58.
Kd7 (58. Kd5) 58... Nf7 59. Ke6 Nd8+ 60. Kd5 (60. Kf6) (60. Kd5 Kxf3 61. h5 Nf7
62. b5 Kg4 63. b6 Kxh5 64. b7) 1-0